Espoo Quiz - Statistics

General Stats
  • This quiz has been taken 113 times
    111 since last reset
  • The average score is 13 of 17
Answer Stats
Hint Answer % Correct
Swedish name of Espoo Esbo
95%
Name the other 5 neighboring municipalities of Espoo Helsinki
94%
The two largest shopping malls in Espoo Iso Omena
94%
Kirkkonummi
92%
Sello
90%
Vantaa
90%
Municipality completely surrounded by Espoo Kauniainen
83%
National park in Espoo Nuuksio
83%
Water park in northern Espoo Serena
83%
Formula 1 World Champion from Espoo Kimi Räikkönen
82%
University established in 2010 Aalto University
73%
Lake notorious for being the scene of a triple homicide that happened in June 1960 Bodom
68%
Ice hockey team that went bankrupt in 2016 Espoo Blues
67%
Vihti
55%
Gulf on which Espoo is located Gulf of Finland
51%
Nurmijärvi
49%
When did Espoo gain city status? 1972
29%
No matching quizzes found
Score Distribution
Percent of People with Each Score
Percentile by Number Answered
Your Score History
You have not taken this quiz since the last reset